01649cam a2200265 a 4500003000900000005001700009008004100026040002800067041000800095100003400103245021500137246017900352260005300531300004400584502010200628520037100730530002201101653001801123653004001141653003901181700004701220700004401267700003901311856003301350EG-GiCUC20250223030957.0140428s2013 ua dh f m 000 0 eng d aEG-GiCUCbengcEG-GiCUC0 aeng0 aKhaled Nabil Ahmed Abdelrazik10aVascular endothelial growth factor gene polymorphism as a risk factor of endometriosis / cKhaled Nabil Ahmed Abdelrazik ; Supervised Hisham Salah Eldin Hamza , Ahmed Mohamed Ibrahim Magdy , Wael Tharwat Elgarf15aالتعدد الشكلى لجين العامل المحفز لنمو الأوعيه الدمويه كوسيط مسئول عن داء بطانة الرحم الهاجره aCairo : bKhaled Nabil Ahmed Abdelrazik , c2013 a135 P. : bcharts , facsimiles ; c25cm aThesis (Ph.D.) - Cairo University - Faculty of Medicine - Department of Gynecology and Obstetrics aThe aim of the study to investigate the potential association between the single nucleotide polymorphism +405G{u227B}C of the vascular endothelial growth factor (VEGF) gene with the risk of endometriosis. The sample of the study was 100 Egyptian women tested for association in a case-control study of 50 affected women and 50 women with no evidence of endometriosis aIssued also as CD 4aEndometriosis 4aSingle nucleotide gene polymorphism 4aVascular endothelial growth factor0 aAhmed Mohamed Ibrahim Magdy , eSupervisor0 aHisham Salah Eldin Hamza , eSupervisor0 aWael Tharwat Elgarf , eSupervisor uhttp://172.23.153.220/th.pdf